书目信息 |
| 题名: |
从平凡到卓越
|
|
| 作者: | 赵福江 主编 | |
| 分册: | ||
| 出版信息: | 北京 中国人民大学出版社 2016 |
|
| 页数: | 245页 | |
| 开本: | 24cm | |
| 丛书名: | 《班主任》丛书 | |
| 单 册: | ||
| 中图分类: | G635.16 , K825.46=76 | |
| 科图分类: | ||
| 主题词: | 中小学--zhong xiao xue--班主任工作--研究 , 中小学--zhong xiao xue--班主任--先进事迹--中国--现代 | |
| 电子资源: | ||
| ISBN: | 978-7-300-22582-1 | |
| 000 | 01080nam0 22002891 450 | |
| 001 | 0119165234 | |
| 005 | 20170619165234.0 | |
| 010 | @a978-7-300-22582-1@dCNY38.00 | |
| 100 | @a20160426d2016 em y0chiy50 ea | |
| 101 | 0 | @achi |
| 102 | @aCN@b110000 | |
| 105 | @aa z 000yd | |
| 106 | @ar | |
| 200 | 1 | @a从平凡到卓越@9cong ping fan dao zhuo yue@e25位优秀班主任的故事@f赵福江主编 |
| 210 | @a北京@c中国人民大学出版社@d2016 | |
| 215 | @a245页@c照片@d24cm | |
| 225 | 2 | @a《班主任》丛书@9ban zhu ren cong shu |
| 330 | @a本书分为上、下篇两篇,收录了《做教育的农人》《让激励陪伴学生成长》《基于网络平台的师生共同成长》《一路繁花看不尽》《让家长与孩子一起成长》等文章。 | |
| 461 | 0 | @12001 @a《班主任》丛书 |
| 517 | 1 | @a25位优秀班主任的故事@925wei you xiu ban zhu ren de gu shi |
| 606 | 0 | @a中小学@9zhong xiao xue@x班主任工作@x研究 |
| 606 | 0 | @a中小学@9zhong xiao xue@x班主任@x先进事迹@y中国@z现代 |
| 690 | @aG635.16@v5 | |
| 690 | @aK825.46=76@v5 | |
| 701 | 0 | @a赵福江@9zhao fu jiang@4主编 |
| 801 | 0 | @aCN@b百万庄@c20170616 |
| 905 | @b1010679-84@dG635.16@e1227@f6 | |
| 从平凡到卓越:25位优秀班主任的故事/赵福江主编 .-北京:中国人民大学出版社,2016 |
| 245页:照片;24cm.-(《班主任》丛书) |
| ISBN 978-7-300-22582-1:CNY38.00 |
| 本书分为上、下篇两篇,收录了《做教育的农人》《让激励陪伴学生成长》《基于网络平台的师生共同成长》《一路繁花看不尽》《让家长与孩子一起成长》等文章。 |
| ● |
| 相关链接 |
|
|
|
|
正题名:从平凡到卓越
索取号:G635.16/1227
 
预约/预借
| 序号 | 登录号 | 条形码 | 馆藏地/架位号 | 状态 | 备注 |
| 1 | 1010679 | 210106794 | 第一样本阅览室/ [索取号:G635.16/1227] | 在馆 | |
| 2 | 1010680 | 210106801 | 教育系资料室/ [索取号:G635.16/1227] | 在馆 | |
| 3 | 1010681 | 210106810 | 教育系资料室/ [索取号:G635.16/1227] | 在馆 | |
| 4 | 1010682 | 210106829 | 教育系资料室/ [索取号:G635.16/1227] | 在馆 | |
| 5 | 1010683 | 210106838 | 第四借阅区/ [索取号:G635.16/1227] | 在馆 | |
| 6 | 1010684 | 210106847 | 第四借阅区/ [索取号:G635.16/1227] | 在馆 |